000 00413nam a2200157Ia 4500
008 230312s9999||||xx |||||||||||||| ||und||
020 _a0-521-13514-6
082 _a507.24
_bCHE-L
100 _aCheesbrough,Monica
245 0 _aDistrit Laboratory Practice in Tropical Countries
260 _bCambridge University
_aIndia
_c2009
300 _a434
546 _aEng.
650 _aMedical
_vLaboratory
942 _cBK
999 _c5777
_d5777